Le Tour de France des DLLH (Royaume de France) - Statistiques

Statistiques générales
  • Ce quiz a été pris 18 fois
  • Le résultat moyen est 11 sur 12
Statistiques - réponses
Par images Réponse % Correct
Alix
100%
Camille
100%
Cécile
100%
Célia
100%
Coralie
91%
Jeanne
91%
Pauline
91%
Salomé
91%
Alycia
82%
Josquin
82%
Philippine
82%
Tiphaine
73%
Aucun quiz correspondant
Distribution des résultats
% des personnes avec chaque résultat
Percentile par nombre de réponses
Votre historique - résultats
Vous n’avez pas pris ce quiz